000
00189nam a2200073Ia 4500
008
170817s9999 xx 000 0 und d
100
_a
SHARMA KUSUM
245
0
_a
PSYCHO-SOCIAL FACTIORS.L. E. AT SCHOOL
260
_b
GYAN PUB.
999
_c
37507
_d
37507